[Event "EU-ch rapid (Women)"]
[Site "Monte Carlo"]
[Date "2019.11.30"]
[Round "1"]
[White "Ayzenberg, Alena"]
[Black "Batsiashvili, Nino"]
[Result "0-1"]
[WhiteElo "1912"]
[BlackElo "2422"]
[PlyCount "110"]
[EventDate "2019.11.30"]
[EventType "swiss (rapid)"]
[EventRounds "11"]
[EventCountry "MNC"]
[SourceTitle "CBM 193 Extra"]
[Source "ChessBase"]
[SourceDate "2020.01.31"]
[SourceVersion "1"]
[SourceVersionDate "2020.01.31"]
[SourceQuality "1"]

1. d4 d5 2. c4 e6 3. Nf3 Nf6 4. g3 dxc4 5. Bg2 a6 6. a4 c5 7. 0-0 Nc6 8. dxc5 Qxd1 9. Rxd1 Bxc5 10. Nbd2 0-0 11. Nxc4 Ng4 12. e3 Rb8 13. a5 e5 14. h3 Be6 15. Nfd2 Rfd8 16. Bf3 Nf6 17. Bxc6 bxc6 18. Nxe5 Rd6 19. Kh2 Bb4 20. Nef3 c5 21. Rg1 Rb5 22. b3 Rxa5 23. Rxa5 Bxa5 24. Nc4 Bxc4 25. bxc4 Ne4 26. Kg2 Bc3 27. Ba3 a5 28. Rb1 Bb4 29. Bb2 f6 30. Ra1 Rd3 31. g4 Rb3 32. Ra2 a4 33. h4 a3 34. Ba1 Nd6 35. g5 Kf7 36. gxf6 gxf6 37. h5 Nxc4 38. e4 Rb2 39. Bxb2 axb2 40. Rxb2 Nxb2 41. e5 c4 42. exf6 Kxf6 43. Nd4 c3 44. Kf3 Bc5 45. Nc2 Nd3 46. Ke4 Nxf2+ 47. Kd5 Ba7 48. Kc4 Nd1 49. Kd3 Kg5 50. Ke2 Nb2 51. Kf3 Kxh5 52. Kf4 Kg6 53. Kg4 h5+ 54. Kg3 Nc4 55. Kf3 Ne3 0-1

[Event "Fagernes Norsk op-B"]
[Site "Fagernes"]
[Date "2014.04.13"]
[Round "1"]
[White "Kaasen, Tor Fredrik"]
[Black "Ayzenberg, Alena"]
[Result "1-0"]
[WhiteElo "1527"]
[BlackElo "1929"]
[PlyCount "87"]
[EventDate "2014.04.13"]
[EventType "swiss"]
[EventRounds "9"]
[EventCountry "NOR"]
[SourceTitle "EXT 2016"]
[Source "ChessBase"]
[SourceDate "2015.10.08"]
[SourceVersion "1"]
[SourceVersionDate "2015.10.08"]
[SourceQuality "1"]

1. e4 d6 2. d4 Nf6 3. Nc3 g6 4. Bc4 Nbd7 5. f4 Nb6 6. Bb3 Bg4 7. Nf3 c6 8. h3 Bxf3 9. Qxf3 Qc7 10. e5 Nfd7 11. exd6 Qxd6 12. Be3 Nf6 13. g4 Nbd5 14. Bxd5 Nxd5 15. Nxd5 cxd5 16. 0-0-0 Rc8 17. Rd3 Bg7 18. h4 Rc6 19. h5 e6 20. hxg6 hxg6 21. Rxh8+ Bxh8 22. f5 gxf5 23. gxf5 b5 24. Qh3 Bf6 25. Qg4 Kd7 26. fxe6+ fxe6 27. Bf4 Qe7 28. Be5 Bxe5 29. dxe5 Qh7 30. Qd4 Qh1+ 31. Rd1 Qh6+ 32. Kb1 Rb6 33. a4 b4 34. a5 Rb7 35. Qc5 Kd8 36. Qd6+ Rd7 37. Qb8+ Ke7 38. Qxb4+ Kf7 39. Rf1+ Kg8 40. Qb8+ Kh7 41. Rf8 Qg7 42. Qe8 Rb7 43. Qh5+ Qh6 44. Rh8+ 1-0